LEADER 01052nam a2200241 u 4500 001 000000026861 003 CaOOAMICUS 005 20070226111626.0 008 951129s1955 gw u000 u ger u 035 $a10694818 040 $aPUL$bita 100 1 $aStutz, Ulrich,$d1868-1938.$0(OLS)http://pul/name/19342 245 14$aDie Eigenkirche :$bals element des Mittelalterlich-germanischen kirchenrechts. 260 $aDarmstadt :$bWissenschaftliche Buchgesellschaft,$c1955. 300 $a97 p.; ;$c19 cm 490 1 $aLibelli ;$v28 830 0$aReihe "Libelli" ;$v28.$0(OLS)http://pul/title/16534 850 $aPUL 852 $aPUL$W1$xDP1 Fondo Maccarrone$y58$m1502 B 19$j37479$nBK-PRI$b $qFondi$B37479$CPULBib$Z2$F37479 $H $81 941 1 $a1 961 $aINV: 00607 -- Fondo Mons. M. Maccarrone 996 $6245$aDie Eigenkirche :$bals element des Mittelalterlich-germanischen kirchenrechts$9(OLS)http://pul/title/36830 996 $6260$aDarmstadt :$bWissenschaftliche Buchgesellschaft$9(OLS)http://pul/publisher/51457 LEADER 01012nam a2200277 u 4500 001 000000050617 003 CaOOAMICUS 005 20070226115238.0 008 000822s1971 it u000 u ita u 035 $a10853877 040 $aPUL(R)$bita 100 1 $aBeni, Arialdo.$0(OLS)http://pul/name/12629 245 12$aL'eucarestia /$cArialdo Beni. 260 $aTorino :$bMarietti,$cc1971. 300 $a204 p. ;$c20 cm 490 1 $aTeologia attualizzata ;$v9 504 $aBibliografia: p. 191-199. 650 4$aEucaristia.$0(OLS)http://pul/subject/1539 830 0$aTeologia attualizzata ;$v9.$0(OLS)http://pul/title/19363 850 $aPUL 852 $aPUL$W1$xDP1 Fondo Maccarrone$y58$m1522 D 39$j67111$nBK-PRI$b $qFondi$B67111$CPULBib$Z2$F67111 $H $81 941 1 $a1 960 $aEucarestia$91539 960 $aComunione (sacramento)$91539 996 $6245$aL'eucarestia$9(OLS)http://pul/title/68116 996 $6260$aTorino :$bMarietti$9(OLS)http://pul/publisher/48186